000 01457pam a2200409 i 4500
001 019765537
003 EG-ScBUE
005 20230405114142.0
008 200302r20232020enka f b 001 0 eng d
020 _a9781350067042
040 _aStDuBDS
_beng
_erda
_cStDuBDS
_dUk
_dEG-ScBUE
082 0 4 _a746.92
_222
_bGWI
100 1 _aGwilt, Alison,
_eauthor.
245 1 2 _aA practical guide to sustainable fashion /
_cAlison Gwilt.
250 _aSecond edition.
250 _aReprinted edition.
264 1 _aLondon :
_bBloomsbury Visual Arts,
_c2023.
300 _aix, 181 pages :
_billustrations (colour) ;
_c23 cm.
336 _atext
_2rdacontent
_btxt
336 _astill image
_2rdacontent
_btxt
337 _aunmediated
_2rdamedia
_bn
338 _avolume
_2rdacarrier
_bnc
490 0 _aBasics fashion design
500 _aPrevious edition: London: Fairchild Books, 2014.
504 _aIncludes bibliographical references and index.
650 7 _aClothing trade
_xEnvironmental aspects.
_2BUEsh
650 7 _aClothing trade
_xMoral and ethical aspects.
_2BUEsh
650 7 _aFashion design
_xEnvironmental aspects.
_2BUEsh
650 7 _aFashion design
_xMoral and ethical aspects.
_2BUEsh
650 7 _aSustainable design.
_2BUEsh
650 7 _aSustainability.
_2BUEsh
653 _bART
_cApril2023
655 _vReading book
776 0 8 _iebook version :
_z9781350067066
942 _2ddc
_cBB
999 _c30276
_d30247